000 00885nam0a22002411 4500
001 rc\2711394
005 20230524111109.0
035 _a(NLR Aleph) 006839322
090 _a6628524
_c6628524
100 _a20110915d1934 |||y0rusy50 ca
101 0 _arus
102 _aRU
105 _ay z |||||
200 1 _aО мероприятиях по развитию животноводства в Области
_eСтеногр. доклада на пленуме Запобкома ВКП(б). 2 июня 1934 г.
_fГ. Д. Ракитов
210 _aСмоленск
_cЗапгиз
_d1934
_gтип. им. Смирнова
215 _aОбл., 62, [2] с.
_d20х13 см.
700 1 _aРакитов
_bГ. Д.
_gГригорий Давидович
801 0 _aRU
_bNLR
_gpsbo
801 1 _aRU
_bELAR
_2rusmarc
852 _aNLR
_j34-9/4455
942 _cBOOK
980 _aNB